| Tag |
First Indicator |
Second Indicator |
Subfields |
| LEADER |
00000cam a22000004a 4500 |
| 001 |
in00002004708 |
| 005 |
20220105141813.0 |
| 006 |
m d |
| 007 |
cr cnu---unuuu |
| 008 |
040603s2004 cauc sb s000 0ceng d |
| 020 |
|
|
|a 1417510846 (electronic bk.)
|
| 035 |
|
|
|a (OCoLC)ocm55538803
|
| 040 |
|
|
|a N$T
|c N$T
|d UtOrBLW
|
| 043 |
|
|
|a n-us---
|
| 049 |
|
|
|a IKMN
|
| 050 |
1 |
4 |
|a R705
|b .W48 2004eb
|
| 060 |
1 |
4 |
|a W 18
|b W555 2004
|
| 082 |
0 |
4 |
|a 610/.71/1
|2 22
|
| 245 |
0 |
0 |
|a What I learned in medical school :
|b personal stories of young doctors /
|c edited by Kevin M. Takakuwa, Nick Rubashkin, Karen E. Herzig ; with a foreword by Joycelyn Elders.
|
| 264 |
|
1 |
|a Berkeley :
|b University of California Press,
|c [2004]
|
| 264 |
|
4 |
|c ©2004
|
| 300 |
|
|
|a xxi, 209 pages :
|b portraits ;
|c 24 cm.
|
| 336 |
|
|
|a text
|b txt
|2 rdacontent
|
| 337 |
|
|
|a computer
|b c
|2 rdamedia
|
| 338 |
|
|
|a online resource
|b cr
|2 rdacarrier
|
| 504 |
|
|
|a Includes bibliographical references (pages 195-197).
|
| 533 |
|
|
|a Electronic reproduction.
|b Boulder, Colo. :
|c NetLibrary,
|d 2004.
|n Available via World Wide Web.
|n Access may be limited to NetLibrary affiliated libraries.
|
| 500 |
|
|
|a Electronic resource.
|
| 650 |
|
0 |
|a Physicians
|v Anecdotes.
|0 http://id.loc.gov/authorities/subjects/sh2010106259
|
| 650 |
|
0 |
|a Physician and patient
|v Anecdotes.
|
| 650 |
|
0 |
|a Medical education
|v Anecdotes.
|
| 650 |
|
0 |
|a Medicine
|v Anecdotes.
|0 http://id.loc.gov/authorities/subjects/sh85083067
|
| 650 |
1 |
2 |
|a Education, Medical.
|0 https://id.nlm.nih.gov/mesh/D004501
|
| 650 |
1 |
2 |
|a Students, Medical.
|0 https://id.nlm.nih.gov/mesh/D013337
|
| 650 |
2 |
2 |
|a Cultural Diversity.
|0 https://id.nlm.nih.gov/mesh/D018864
|
| 650 |
2 |
2 |
|a Prejudice.
|0 https://id.nlm.nih.gov/mesh/D011287
|
| 651 |
|
2 |
|a United States.
|0 https://id.nlm.nih.gov/mesh/D014481
|
| 655 |
|
2 |
|a Personal Narrative.
|0 https://id.nlm.nih.gov/mesh/D062210
|
| 655 |
|
7 |
|a Electronic books.
|2 local
|
| 700 |
1 |
|
|a Takakuwa, Kevin M.
|0 http://id.loc.gov/authorities/names/n2003127928
|
| 700 |
1 |
|
|a Rubashkin, Nick.
|0 http://id.loc.gov/authorities/names/n2003127929
|
| 700 |
1 |
|
|a Herzig, Karen E.
|0 http://id.loc.gov/authorities/names/n2003127930
|
| 710 |
2 |
|
|a NetLibrary, Inc.
|0 http://id.loc.gov/authorities/names/no99080690
|
| 776 |
1 |
|
|c Original
|z 0520239369
|w (DLC) 2003006769
|w (OCoLC)51937830
|
| 856 |
4 |
1 |
|u https://proxy.library.tamu.edu/login?url=http://www.netLibrary.com/urlapi.asp?action=summary&v=1&bookid=108564
|z Connect to the full text of this electronic book
|t 0
|
| 994 |
|
|
|a 92
|b IKM
|
| 999 |
|
|
|a MARS
|
| 999 |
f |
f |
|s 9086f30f-4caa-3efe-a183-6ba19d0c43bb
|i e6f1d735-6069-395a-b623-ae0d3e145739
|t 0
|
| 952 |
f |
f |
|a Texas A&M University
|b College Station
|c Electronic Resources
|d Available Online
|t 0
|e R705 .W48 2004eb
|h Library of Congress classification
|
| 998 |
f |
f |
|a R705 .W48 2004eb
|t 0
|l Available Online
|